000 00305nam a22001337a 4500
008 190227b xxu||||| |||| 00| 0 eng d
020 _a9780471749554
041 _aeng
080 _212th
_a330.722.6
100 _a62
101 _aKON
245 _aIntermediate Accounting
_cKieso, D.E
942 _2udc
_cBK
999 _c54346
_d54346